Popes by country - Statistics

General Stats
  • This quiz has been taken 93 times
  • The average score is 12 of 16
Answer Stats
# Answer % Correct
217 Italy
99%
1 United States
99%
16 France
93%
6 Germany
93%
1 Argentina
92%
2 Spain
89%
1 Poland
87%
4 Greece
82%
2 Portugal
82%
2 Turkey
72%
5 Syria
68%
1 Netherlands
63%
2 Croatia
57%
3 Holy Land
47%
3 Tunisia
44%
1 England
41%
No matching quizzes found
Score Distribution
Percent of People with Each Score
Percentile by Number Answered
Your Score History
You have not taken this quiz